LEADER 01288nam a2200289 a 4500 001 000000130869 003 CaOOAMICUS 005 20121010103437.0 008 121010s2000 it a u000 u ita r 020 $a88-85311-20-2 040 $aPUL$bita 082 04$a726.5 100 1 $aTiberia, Vitaliano.$0(OLS)http://pul/name/65070 245 10$aGian Lorenzo Bernini Pietro da Cortona, Agostino Ciampelli in Santa Bibiana a Roma. I restauri /$cVitaliano Tiberia ; prefazione di Claudio Strinati. 260 $a[Todi] :$bEdiart,$c2000. 300 $a295 p. :$bill. ;$c24 cm 504 $aBibliografia in nota. 610 24$aSanta Bibiana (chiesa : Roma).$0(OLS)http://pul/subject/39094 700 1 $aStrinati, Claudio.$0(OLS)http://pul/name/9856 850 $aPUL 852 $aPUL$W1$xDP2 Cons. Gen., Altre Classi 3$y97$m726. 5 TIBVI 3$j151269$qDDC 21$B150015$CPULBib$Z2$F150015 $H120948 $82 941 1 $a9 996 $6020$a88-85311-20-2$9(OLS)http://pul/number/150840 996 $6082$a726.5$9(OLS)http://pul/classification/2104 996 $6245$aGian Lorenzo Bernini Pietro da Cortona, Agostino Ciampelli in Santa Bibiana a Roma. I restauri$9(OLS)http://pul/title/165384 996 $6260$a[Todi] :$bEdiart$9(OLS)http://pul/publisher/51102 LEADER 01234nam a2200301 a 4500 001 000000135693 003 CaOOAMICUS 005 20131009103454.0 008 131009s2012 enk u000 u eng r 020 $z9781107021587* 040 $aPUL$bita 082 04$a171.3 100 1 $aEcheñique, Javier,$d1980-$0(OLS)http://pul/name/87368 245 10$aAristotle's Ethics and moral responsibility /$cJavier Echeñique. 260 $aCambridge :$bCambridge University Press,$c©2012. 300 $aviii, 209 p. ;$c24 cm 500 $aInclude indice. 504 $aBibliografia p. 276-285. 600 04$aAristoteles,$d384-322 a.C.$xEtica.$0(OLS)http://pul/subject/24144 650 4$aEtica filosofica.$0(OLS)http://pul/subject/39433 850 $aPUL 852 $aPUL$W1$xSL Filosofia 3$y81$m171. 3 ECHJA 1$j156487$qDDC 21$B155833$CPULBib$Z2$F155833 $H122897 $82 941 1 $a9 996 $6020$z9781107021587*$9(OLS)http://pul/number/153672 996 $6082$a171.3$9(OLS)http://pul/classification/2106 996 $6245$aAristotle's Ethics and moral responsibility$9(OLS)http://pul/title/171554 996 $6260$aCambridge :$bCambridge University Press$9(OLS)http://pul/publisher/50125